00519nam a2200193 a 4500001001300000003000900013005001700022008004100039020001000080082001500090100002000105245003500125260002800160300000900188500003500197505003400232650003900266700002000305nice12345678IN_TiNIC20260116011258.0050524s1966 lona grp 000 0 eng  ac10000a225.6bVAN aVan Buren, Paul aSecular Meaning of the Gospel. aLondonbSCM Pressc1966 a205p aincludes index and biblioraphy2 aNames Index and Subject Index aBible N.T. Criticism-Interpretaion1 aVan Buren, Paul